| 000 | 01077cam a2200241 4500 | ||
|---|---|---|---|
| 001 | WB3929-11 | ||
| 008 | 030730n2003 000 0 eng u | ||
| 035 | _a(Sirsi) u123150 | ||
| 245 | _aBetter council housing | ||
| 260 | _c2003 | ||
| 490 |
_aODPM News Release _v2003/0147 28 July 2003, (2) |
||
| 520 | _aThe government's Arms Length Management Organisation programme will see tenants of 13 councils in England gain major improvements to their homes and housing management. The successful councils include Barnet, Easington, Gateshead and Poole. With the programme the ownership of housing stock will not change, with councils continuing to have strategic responsibility for overall housing policy. For the ODPM release: http://www.odpm.gov.uk/pns/DisplayPN.cgi?pn_id=2003_0147 | ||
| 590 | _aWB | ||
| 650 | _aCOUNCIL HOUSING | ||
| 650 | _aHOUSING MANAGEMENT | ||
| 650 | _aARMS LENGTH MANAGEMENT PROGRAMME | ||
| 650 | _aLOCAL AUTHORITIES | ||
| 650 | _aBARNET | ||
| 650 | _aEASINGTON | ||
| 650 | _aGATESHEAD | ||
| 690 |
_aAffordable housing _96215 |
||
| 942 | _n0 | ||
| 999 |
_c73133 _d73133 |
||